Akeké y la jutía / (Registro nro. 11940)

Detalles MARC
000 -LIDER
fixed length control field 00678nam a22002177a 4500
001 - NÚMERO DE CONTROL
Identificador de número de control 0011754
003 - IDENTIFICACDOR DE NÚMERO DE CONTROL
control field DO-SdBNP
005 - DATE AND TIME OF LATEST TRANSACTION
control field 20180212091515.0
007 - CAMPOS FIJOS DE DESCRIPCIÓN FÍSICA
fixed length control field 0011754
008 - ELEMENTOS DE LONGITUD FIJA
fixed length control field 161114b 1978 cu||||| |||| 00| 0 spa d
040 ## - FUENTE DE CATALOGACIÓN
Agencia que crea de manera original el registro BPMSU
Idioma de catalogación spa
Agencia que realiza la transcripción BPMSU
082 ## - NÚMERO DE CLASIFICACIÓN DECIMAL DE DEWEY
Classification number xxxxxxxxxx
Item number xxxxxxxxxx
100 1# - ASIENTO PRINCIPAL -- NOMBRE PERSONAL
Nombre personal Barnet, Miguel
245 1# - MENCIÓN DE TITULO
Título Akeké y la jutía /
Mención de responsabilidad Miguel Barnet ; ilustraciones Enrique Martínez ; edición Ofelia Llenín del Alcázar
260 ## - PUBLICACIÓN, DISTRIBUCIÓN, ETC. (PIE DE IMPRENTA)
Lugar de publicación, distribución, etc Cuba :
Nombre del editor, distribuidor, etc. Gente nueva,
Fecha de publicación, distribución, etc 1978.
700 1# - ASIENTO SECUNDARIO -- NOMBRE PERSONAL
Nombre personal Martínez, Enrique,
Mención de responsabilidad il.,
700 1# - ASIENTO SECUNDARIO -- NOMBRE PERSONAL
Nombre personal Llenín del Alcázar, Ofelia,
Mención de responsabilidad ed.
942 ## - ADDED ENTRY ELEMENTS (KOHA)
Source of classification or shelving scheme Dewey Decimal Classification
Koha item type Libros
945 ## - INFORMACIÓN DE PROCESAMIENTO LOCAL
Información de procesamiento local inventariado, 2018 7 dg
956 ## - LOCAL ELECTRONIC LOCATION AND ACCESS (OCLC)
Nombre de host BTAVÁREZ
Número de acceso 10
Información de compresión 20161114
Trayectoria 0011754
Existencias
Withdrawn status Lost status Source of classification or shelving scheme Damaged status Not for loan Collection code Home library Current library Date acquired Total Checkouts Full call number Barcode Date last seen Price effective from Koha item type
    Dewey Decimal Classification     Colección Infantil General Biblioteca Pública Metropolitana Salomé Ureña Biblioteca Pública Metropolitana Salomé Ureña 11/14/2016   xxxxxxxxxx xxxxxxxxxx BPMSU16111283 11/14/2016 11/14/2016 Libros